Investície z juhovýchodnej Ázie, ázijský impulz
Definícia priamych zahraničných investícií. Južná, východná, juhovýchodná Ázia a Oceánia a hospodárska kríza. Juhovýchodná Ázia je teraz (2011) charakterizovaná rastom.
Saved in:
| Main Author: | |
|---|---|
| Other Authors: | |
| Format: | Book Chapter |
| Language: | Slovak |
| Subjects: | |
| Tags: |
No Tags, Be the first to tag this record!
|
MARC
| LEADER | 00000nla a2200000 4500 | ||
|---|---|---|---|
| 001 | 0159636 | ||
| 005 | 20240522072434.7 | ||
| 041 | 0 | |a slo | |
| 044 | |a SK | ||
| 245 | 1 | 0 | |a Investície z juhovýchodnej Ázie, ázijský impulz |c Michal Fabuš, Ľubomír Nebeský |
| 520 | |a Definícia priamych zahraničných investícií. Južná, východná, juhovýchodná Ázia a Oceánia a hospodárska kríza. Juhovýchodná Ázia je teraz (2011) charakterizovaná rastom. | ||
| 610 | 2 | 0 | |a kapitál zahraničný |
| 610 | 2 | 0 | |a investície priame zahraničné |
| 610 | 2 | 0 | |a rast hospodársky |
| 100 | 1 | |a Fabuš, Michal | |
| 700 | 1 | |a Nebeský, Ľubomír | |